The Indian journal of agricultural economics organ of the Indian Society of Agricultural Economics.

Bibliographic Details
Corporate Author: Indian Society of Agricultural Economics
Format: Electronic Journal
Language:English
Published: Bombay : The Society, [1946]-
Subjects:
Online Access:Full text available from Research Library: 07/01/1998 to 10/31/2017

MARC

LEADER 00000nas a2200000 a 4500
001 ssj0008836
003 WaSeSS
005 20200512172242.0
006 m d
007 cr n
008 751101c19469999ii qr p s 0 a0eng
010 |a  55022974  
016 7 |a 012313394  |2 DE-101 
016 7 |a 416053-8  |2 DE-600 
016 7 |a 008631705  |2 Uk 
022 |l 0019-5014  |y 0019-5014 
035 |a (WaSeSS)ssj0008836 
040 |a DLC  |b eng  |c MUL  |d YUS  |d IUL  |d AIP  |d NSD  |d DLC  |d NST  |d AGL  |d NST  |d OCLCQ  |d DEBBG  |d UKMGB  |d AGL  |d GBVCP  |d OCLCQ  |d OCLCF  |d OCLCO  |d XFH  |d CUS  |d OCLCA  |d L2U  |d WaSeSS 
042 |a nsdp  |a pcc 
043 |a a-ii--- 
050 0 0 |a HD101  |b .I533 
070 0 |a 281.8  |b In2 
210 0 |a Indian j. agric. econ. 
222 4 |a The Indian journal of agricultural economics 
245 0 4 |a The Indian journal of agricultural economics  |h [electronic resource] :  |b organ of the Indian Society of Agricultural Economics. 
260 |a Bombay :  |b The Society,  |c [1946]- 
310 |a Quarterly,  |b 19<62>- 
321 |a Semiannual,  |b 1946-19<51> 
362 0 |a Vol. 1, no. 1 (July 1946)- 
500 |a Title from cover. 
500 |a Vols. <2-6> include Proceedings of the <7th-11th> conference of the Indian Society of Agricultural Economics. 
506 |a License restrictions may limit access. 
650 0 |a Agriculture  |x Economic aspects  |v Periodicals. 
650 0 |a Agriculture  |x Economic aspects  |z India  |v Periodicals. 
650 7 |a 83.66 agricultural economics.  |0 (NL-LeOCL)077607325  |2 bcl 
650 7 |a Agriculture  |x Economic aspects.  |2 fast  |0 (OCoLC)fst00801415 
650 7 |a Agrarökonomik  |0 (DE-601)091345979  |0 (DE-STW)18318-0  |2 stw 
650 7 |a Landwirtschaftliche Entwicklung  |0 (DE-601)091374235  |0 (DE-STW)10505-6  |2 stw 
650 7 |a Ländliche Entwicklung  |0 (DE-601)091373972  |0 (DE-STW)10575-6  |2 stw 
650 7 |a Indien  |0 (DE-601)091366895  |0 (DE-STW)17602-1  |2 stw 
651 7 |a India.  |2 fast  |0 (OCoLC)fst01210276 
655 0 |a Electronic journals. 
710 2 |a Indian Society of Agricultural Economics. 
850 |a ArU  |a DLC  |a IaAS  |a MnSU  |a NjR 
856 4 0 |z Full text available from Research Library: 07/01/1998 to 10/31/2017  |u https://search.proquest.com/publication/46948